00723nam a2200157Ia 4500008004100000082001800041100001900059245009800078260004600176365000600222630009800228730009800326942000900424999001900433952011300452100415s9999 xx 000 0 und d b21520a304.62 aBOSERUP, ESTER aPopulation and technological change : a study of long-term trends: Donated by Yasmin Padmasee aOXFORDc1981bUNIVERSITY OF CHICAGO PRESS b1 aPopulation and technological change : a study of long-term trends: Donated by Yasmin Padmasee aPopulation and technological change : a study of long-term trends: Donated by Yasmin Padmasee cBOOK c604402d604399 00104070aBNHSbBNHSd2005-12-02g1.00l0o304.62 21520pBNHS-21520r2010-04-15 00:00:00w2010-04-15yBOOK